[Event "Tourn. n8381"]
[Site "www.chess-mail.com"]
[Date "2015.10.22"]
[Round "1"]
[White "Cheminet"]
[Black "Gatrooper"]
[WhiteElo "1580"]
[BlackElo "1450"]
[Result "1-0"]
[Round "1"]
1.e4 e5
2.Bf1c4 d6
3.h3 Bc8e6
4.Bc4xe6 fxe6
5.Qd1h5 g6
6.Qh5e2 a6
7.d3 Nb8c6
8.Ng1f3 Ng8f6
9.Nb1c3 h6
10.O-O d5
11.exd5 Nc6a7
12.Qe2xe5 Bf8e7
13.Qe5xe6 Qd8d7
14.Nf3d4 Qd7xe6
15.Nd4xe6 Kd7
16.Bc1f4 Nf6h5
17.Bf4h2 Na7b5
18.Nc3xb5 axb5
19.c4 bxc4
20.dxc4 c5
21.a4 Be7f6
22.Ne6xc5 Kc8
23.Ra1a2 Bf6d4
24.Nc5e6 Bd4a7
25.c5 Ba7b8
26.d6 Bb8xd6
27.Bh2xd6 Kd7
28.Ne6f4 Nh5f6
29.b4 Nf6e4
30.Ra2e2 Rh8e8
31.Nf4d5 Kd8
32.f3 Ne4g3
33.Re2xe8 Kxe8
34.Nd5c7 Kf7
35.Nc7xa8 Ng3xf1
36.Kxf1 Ke8
37.b5 Kd7
38.Na8b6 Ke6
39.a5 Kf5
40.a6 bxa6
41.bxa6 g5
42.a7 h5
43.a8Q { resign }
1-0

[Event "Tourn. n8391"]
[Site "www.chess-mail.com"]
[Date "2015.10.22"]
[Round "1"]
[White "Mitja"]
[Black "Jhw"]
[WhiteElo "1890"]
[BlackElo "1950"]
[Result "0-1"]
[Round "1"]
1.d4 g6
2.e3 e6
3.c3 b6
4.Bf1e2 Bc8b7
5.Be2f3 Bb7xf3
6.Qd1xf3 c6
7.Nb1d2 f5
8.Nd2b3 Bf8g7
9.Ng1h3 g5
10.Qf3h5 Kf8
11.Nh3xg5 Ng8h6
12.e4 Qd8f6
13.e5 Qf6g6
14.Qh5f3 Nb8a6
15.Qf3e2 b5
16.h4 Ke7
17.h5 Qg6e8
18.Bc1f4 Qe8c8
19.Qe2d3 b4
20.Nb3c5 Na6xc5
21.dxc5 bxc3
22.Qd3d6 Ke8
23.bxc3 Ra8b8
24.O-O Rb8b5
25.Ra1b1 Bg7f8
26.Qd6d3 Bf8xc5
27.Rb1xb5 cxb5
28.Qd3xb5 Nh6g4
29.Bf4g3 O-O
30.Kh1 f4
31.Qb5d3 Rf8f5
32.Ng5e4 Rf5xh5
33.Kg1 Ng4xe5
34.Qd3d2 fxg3
35.Ne4f6 Kh8
36.Nf6xh5 gxf2
37.Kh1 Qc8a6
38.Qd2g5 Qa6xf1
39.Kh2 Qf1g1
40.Kg3 Bc5f8
41.Qg5f6 Kg8
42.Qf6g5 Ne5g6
43.Nh5f6 Kf7
44.Nf6xh7 f1Q
{ resign }
0-1

[Event "Match"]
[Site "www.echecsemail.com"]
[Date "2015.10.22"]
[Round "1"]
[White "Kcriss"]
[Black "Goosebumps"]
[WhiteElo "1919"]
[BlackElo "1699"]
[Result "0-1"]
[Round "1"]
1.d4 d5
2.c4 e6
3.Ng1f3 c6
4.e3 Ng8f6
5.Nb1c3 Bf8b4
6.Bc1d2 Nb8d7
7.Bf1d3 O-O
8.O-O dxc4
9.Bd3xc4 b5
{ resign }
0-1

[Event "Match"]
[Site "www.echecsemail.com"]
[Date "2015.10.22"]
[Round "1"]
[White "Darknight"]
[Black "Masteratches"]
[WhiteElo "1730"]
[BlackElo "1699"]
[Result "0-1"]
[Round "1"]
1.e4 c6
2.Bf1c4 d5
3.exd5 cxd5
4.Bc4b3 Bc8f5
5.d3 Nb8c6
6.c3 e6
7.a3 Bf8d6
8.h3 Qd8b6
9.h4 Bf5xd3
10.Qd1xd3 Qb6xb3
11.g3 Ng8f6
12.Ng1e2 Nc6e5
13.Qd3d1 Ne5f3
14.Kf1 Qb3xd1
15.Kg2 Qd1xe2
16.Bc1e3 Nf6g4
17.Kh3 Ng4xf2
18.Be3xf2 Qe2xf2
19.a4 Qf2xg3

0-1

[Event "Match"]
[Site "www.echecsemail.com"]
[Date "2015.10.22"]
[Round "1"]
[White "Coraza"]
[Black "Vitoriccardo"]
[WhiteElo "1680"]
[BlackElo "1790"]
[Result "0-1"]
[Round "1"]
1.e4 d6
2.Bf1c4 Ng8f6
3.Qd1f3 g6
4.Ng1h3 Bc8xh3
5.gxh3 Bf8g7
6.Bc4b5 c6
7.Bb5c4 d5
8.exd5 Nf6xd5
9.a3 O-O
10.c3 e5
11.d3 Nb8a6
12.h4 Qd8xh4
13.Bc4xd5 cxd5
14.Qf3xd5 Rf8e8
15.Bc1e3 Ra8d8
16.Qd5c4 e4
17.d4 Rd8c8
18.Qc4e2 Na6c7
19.Nb1d2 Nc7d5
20.Qe2b5 Nd5xe3
21.Qb5b3 Ne3g2
22.Kf1 e3
23.fxe3 Ng2xe3
24.Ke2 Ne3c2
25.Kd1 Nc2xa1
26.Qb3a2 Qh4g4
27.Kc1 Bg7h6
28.Qa2xa1 Qg4xd4
29.Rh1d1 Re8e1
30.Kc2 Re1xd1
31.Qa1xd1 Qd4f2
32.b4 Qf2f5
33.Kb2 Qf5d3
34.Qd1c2 Qd3xd2
35.Qc2xd2 Bh6xd2
36.Kc2 Bd2xc3
{ resign }
0-1

[Event "Match"]
[Site "www.echecsemail.com"]
[Date "2015.10.22"]
[Round "1"]
[White "Acucar1"]
[Black "Farnation"]
[WhiteElo "1520"]
[BlackElo "1220"]
[Result "1-0"]
[Round "1"]
1.e4 e5
2.Nb1c3 Ng8f6
3.Ng1f3 Bf8c5
4.Nf3xe5 Qd8e7
5.d4 Bc5b6
6.Bc1g5 d6
7.Nc3d5 dxe5
8.Nd5xe7 Kxe7
9.dxe5 Bb6a5
10.c3 Bc8g4
11.exf6 gxf6
12.Qd1xg4 fxg5
13.Qg4xg5 f6
14.Qg5g7 Ke6
15.Bf1c4 Kd6
16.Qg7xf6 Kc5
17.Qf6e5 Kxc4
18.Qe5d5 { resign }
1-0

[Event "Match"]
[Site "www.echecsemail.com"]
[Date "2015.10.22"]
[Round "1"]
[White "Paco"]
[Black "Darknight"]
[WhiteElo "1860"]
[BlackElo "1590"]
[Result "1-0"]
[Round "1"]
1.e4 e5
2.Ng1f3 d6
3.Bf1c4 h6
4.d3 Qd8f6
5.Nb1c3 c6
6.Bc1e3 a5
7.Nc3a4 b5
8.Bc4xb5 cxb5
9.Na4b6 Ra8a6
10.Nb6xc8 Qf6d8
11.Nc8a7 Ra6b6
12.Qd1d2 Rb6b7
13.Qd2c3 d5
14.Qc3xe5 Ng8e7
15.exd5 Rb7d7
16.Na7xb5 Rd7xd5
17.Nb5c7 Kd7
18.Nc7xd5 Nb8c6
19.Nd5b6 Ke8
20.Qe5b5 f6
21.O-O Kf7
22.Be3c5 Qd8c7
23.d4 Nc6d8
24.d5 Qc7b7
25.d6 Ne7d5
26.Qb5c4 Bf8xd6
27.Nb6xd5 Bd6xc5
28.Nd5f4 Ke8
29.Qc4xc5 Qb7e4
30.Rf1e1 { resign }
1-0

[Event "Match"]
[Site "www.echecsemail.com"]
[Date "2015.10.22"]
[Round "1"]
[White "Ztornad"]
[Black "Pablincho"]
[WhiteElo "1760"]
[BlackElo "1780"]
[Result "0-1"]
[Round "1"]
1.Nb1c3 c5
2.d4 cxd4
3.Qd1xd4 Nb8c6
4.Qd4d1 Ng8f6
5.Ng1f3 e5
6.Nc3b5 Qd8a5
7.c3 Qa5xb5
8.e4 Qb5b6
9.Qd1c2 Bf8c5
10.Bc1e3 Bc5xe3
11.fxe3 Qb6xe3
12.Bf1e2 Nf6xe4
13.Rh1f1 d5
14.Ra1d1 Bc8e6
15.Rd1d3 Qe3c5
16.a3 a5
17.Nf3d2 Nc6d4
18.Rd3xd4 exd4
19.Nd2b3 Qc5e7
20.Nb3xd4 O-O
21.Nd4f5 Be6xf5
22.Rf1xf5 Ra8d8
23.Rf5f4 Qe7c5
24.Be2d3 Rf8e8
25.Kf1 g6
26.a4 { time. }
0-1

[Event "Match"]
[Site "www.echecsemail.com"]
[Date "2015.10.22"]
[Round "1"]
[White "Guidom"]
[Black "Ztornad"]
[WhiteElo "2210"]
[BlackElo "1760"]
[Result "1-0"]
[Round "1"]
1.e4 e5
2.Ng1f3 d6
3.Bf1c4 Bc8e6
4.Bc4xe6 fxe6
5.Nb1c3 Ng8f6
6.d3 Bf8e7
7.O-O Nb8c6
8.Bc1g5 Nf6d7
9.Bg5xe7 Nc6xe7
10.Qd1d2 Ne7g6
11.Nf3g5 Nd7f6
12.Ng5xe6 Qd8d7
13.Ne6g5 Ng6f4
14.g3 Nf4h3
15.Ng5xh3 Qd7xh3
16.f4 Nf6g4
17.fxe5 dxe5
18.Nc3d5 O-O-O
19.Nd5e3 Ng4f6
20.Ne3f5 Rd8d7
21.Qd2g5 Rd7f7
22.Qg5h4 Qh3xh4
23.Nf5xh4 Rh8f8
24.Rf1f5 Rf7e7
25.Ra1f1 Rf8f7
26.g4 g5
27.Rf5xg5 Kd7
28.Rg5f5 Ke6
29.g5 Nf6h5
30.Rf5xf7 Re7xf7
31.Rf1xf7 Kxf7
32.Kf2 Nh5f4
33.Kf3 Nf4e6
34.Kg4 Ne6f4
35.Nh4f5 Kg6
36.h4 Nf4e2
37.h5 Kf7
{ time. }
1-0

[Event "Match"]
[Site "www.echecsemail.com"]
[Date "2015.10.22"]
[Round "1"]
[White "Coraza"]
[Black "Culiflori"]
[WhiteElo "1750"]
[BlackElo "1900"]
[Result "0-1"]
[Round "1"]
1.e4 e5
2.Ng1f3 Nb8c6
3.Bf1c4 Bf8c5
4.O-O Ng8f6
5.Nf3g5 O-O
6.c3 d6
7.Qd1b3 Qd8e7
8.d3 Nc6a5
9.Qb3c2 Na5xc4
10.dxc4 h6
11.Ng5f3 Bc8d7
12.Bc1e3 Bc5b6
13.b4 a5
14.b5 Bd7e6
15.Nb1d2 Bb6xe3
16.fxe3 Nf6g4
17.Rf1e1 b6
18.h3 Ng4f6
19.a4 g5
20.Kf2 g4
21.Nf3h2 gxh3
22.Re1g1 Kh7
23.gxh3 Be6xh3
24.Rg1g3 Bh3e6
25.Qc2d1 Rf8g8
26.Qd1g1 Rg8xg3
27.Qg1xg3 Ra8g8
28.Qg3f3 Nf6g4
29.Nh2xg4 Be6xg4
30.Qf3h1 Qe7f6
31.Ke1 Qf6g5
32.Kf2 Bg4h5
33.Ra1g1 Qg5xg1
34.Qh1xg1 Rg8xg1
35.Kxg1 Bh5d1
36.Kf2 Bd1xa4
37.Ke2 Ba4c2
38.Nd2f1 Bc2xe4
39.Kd2 Kg6
40.Nf1g3 Be4f3
41.Kc2 h5
42.Kb3 h4
43.Ng3f1 h3
44.Nf1h2 e4
45.Nh2f1 Kg5
46.Ka4 Kh4
47.c5 dxc5
48.c4 Bf3e2
{ resign }
0-1

[Event "Match"]
[Site "www.echecsemail.com"]
[Date "2015.10.22"]
[Round "1"]
[White "Carlosto"]
[Black "Daviko"]
[WhiteElo "1590"]
[BlackElo "1049"]
[Result "1-0"]
[Round "1"]
1.e3 e6
2.d4 c6
3.Ng1f3 g6
4.Nb1c3 Ng8f6
5.Bf1c4 d5
6.Bc4d3 b5
7.Nf3e5 Bf8d6
8.f4 Qd8a5
9.a3 h5
10.b4 Qa5b6
11.O-O Nb8a6
12.Qd1e1 Bd6e7
13.Ra1b1 Rh8g8
14.Qe1h4 Nf6e4
15.Qh4h3 Ne4xc3
16.Rb1b3 f6
17.Bd3xg6 Kd8
18.Bg6f7 Rg8g7
19.Qh3xh5 Nc3e2
20.Qh5xe2 fxe5
21.Qe2h5 Kd7
22.fxe5 c5
23.dxc5 Na6xc5
24.bxc5 Qb6xc5
25.Qh5h8 Qc5xc2
26.Qh8xg7 Qc2xb3
27.Qg7g6 b4
28.Qg6xe6 Kd8
29.Qe6c6 Ra8b8
30.Bf7xd5 Rb8b6
31.Bd5xb3 Rb6xc6
32.axb4 Be7xb4
33.g3 a5
34.h4 Rc6c3
35.Bb3a4 Rc3c2
36.Ba4xc2 { resign }
1-0

[Event "Match"]
[Site "www.echecsemail.com"]
[Date "2015.10.22"]
[Round "1"]
[White "Delacey"]
[Black "Chtoubidou"]
[WhiteElo "1870"]
[BlackElo "1970"]
[Result "0-1"]
[Round "1"]
1.d4 d5
2.c4 Nb8c6
3.e3 e5
4.cxd5 Qd8xd5
5.Nb1c3 Bf8b4
6.Bc1d2 Bb4xc3
7.Bd2xc3 exd4
8.exd4 Ng8f6
9.Ng1f3 O-O
10.Bf1e2 Rf8e8
11.O-O Bc8f5
12.Rf1e1 Ra8d8
13.Qd1d2 Nf6e4
14.Qd2f4 Rd8d7
15.Nf3e5 Nc6xe5
16.dxe5 Ne4xc3
17.bxc3 Qd5xe5
18.Qf4b4 c6
19.f4 Qe5e3
20.Kh1 Bf5d3
21.c4 Bd3xe2
22.c5 Qe3d2
23.Qb4c4 Rd7e7
24.Re1xe2 Qd2xe2
25.Qc4xe2 Re7xe2
26.h3 Re2e1
27.Ra1xe1 Re8xe1
28.Kh2 Re1c1
29.g4 Rc1xc5
30.h4 Rc5c2
31.Kg3 Rc2xa2
32.h5 Ra2b2
33.g5 h6
34.g6 f6
35.f5 a5
36.Kf4 a4
{ resign }
0-1

[Event "Match"]
[Site "www.echecsemail.com"]
[Date "2015.10.22"]
[Round "1"]
[White "Drdoom"]
[Black "Pinehill"]
[WhiteElo "1760"]
[BlackElo "1990"]
[Result "0-1"]
[Round "1"]
1.e4 d5
2.Nb1c3 d4
3.Nc3b1 e5
4.h3 Ng8f6
5.d3 Bf8b4
6.Bc1d2 Bb4xd2
7.Qd1xd2 O-O
8.Ng1f3 Rf8e8
9.c3 c5
10.b4 b6
11.a3 Bc8b7
12.Bf1e2 Nb8d7
13.O-O Qd8c7
14.Rf1c1 Ra8d8
15.a4 Nd7f8
16.Nb1a3 Bb7xe4
17.dxe4 Nf6xe4
18.Qd2d3 Ne4xc3
19.Na3b5 Nc3xb5
20.Qd3xb5 h6
21.bxc5 e4
22.Nf3e1 d3
23.Be2xd3 exd3
24.Ne1xd3 bxc5
25.Nd3xc5 Re8e5
26.Qb5b4 Qc7d6
27.Ra1a3 Nf8e6
28.Ra3c3 Rd8b8
29.Qb4a5 Ne6xc5
30.Rc3xc5 Re5xc5
{ resign }
0-1

[Event "Match"]
[Site "www.echecsemail.com"]
[Date "2015.10.22"]
[Round "1"]
[White "Pinehill"]
[Black "Cardiff"]
[WhiteElo "1970"]
[BlackElo "1780"]
[Result "1/2-1/2"]
[Round "1"]
1.e4 e6
2.d4 d5
3.e5 c5
4.c3 Qd8b6
5.Ng1f3 Bc8d7
6.Bf1d3 Bd7b5
7.O-O Nb8c6
8.Qd1e2 Bb5xd3
9.Qe2xd3 cxd4
10.cxd4 Ng8e7
11.Nb1c3 Ne7g6
12.a3 Bf8e7
13.h3 O-O
14.b4 a6
15.Bc1b2 Ra8c8
16.Nc3e2 Rf8d8
17.Ra1c1 h6
18.Ne2g3 Be7f8
19.Rf1e1 Nc6a7
20.Rc1c5 Bf8xc5
21.dxc5 Qb6b5
22.Qd3d4 Na7c6
{ draw }
1/2-1/2

[Event "Match"]
[Site "www.echecsemail.com"]
[Date "2015.10.22"]
[Round "1"]
[White "Jhw"]
[Black "Kcriss"]
[WhiteElo "1910"]
[BlackElo "1779"]
[Result "1-0"]
[Round "1"]
1.Ng1f3 d5
2.d4 Ng8f6
3.Qd1d3 e6
4.a3 c5
5.dxc5 Bf8xc5
6.e3 Nb8d7
7.Nb1c3 O-O
8.g3 Bc5d6
9.Nc3b5 Bd6e7
10.b4 a6
11.Nb5c3 e5
12.Nc3xd5 e4
13.Nd5xf6 Be7xf6
14.Qd3xe4 Bf6xa1
15.Bf1d3 Nd7f6
16.Qe4h4 Qd8d5
17.O-O { resign }
1-0

[Event "Match"]
[Site "www.echecsemail.com"]
[Date "2015.10.22"]
[Round "1"]
[White "Leswamp"]
[Black "Gimmyg"]
[WhiteElo "2200"]
[BlackElo "2390"]
[Result "1-0"]
[Round "1"]
1.d4 d5
2.c4 c6
3.Ng1f3 dxc4
4.e3 Bc8e6
5.Nb1c3 Ng8f6
6.Nf3g5 Be6d5
7.e4 h6
8.exd5 hxg5
9.dxc6 Nb8xc6
10.d5 Nc6a5
11.Qd1a4 Nf6d7
12.Bc1xg5 f6
13.Bg5f4 g5
14.Bf4g3 Ra8c8
15.Qa4c2 Bf8g7
16.Qc2g6 Kf8
17.Bf1e2 Qd8e8
18.Qg6f5 Nd7c5
19.O-O b6
20.Be2g4 Rc8d8
21.f4 gxf4
22.Qf5xf4 Bg7h6
23.Qf4d4 Qe8f7
24.Ra1e1 Na5c6
25.Qd4xc4 Bh6d2
26.Re1d1 Nc6a5
27.Qc4d4 Bd2xc3
28.Qd4xc3 Nc5e4
29.Qc3c7 Rd8xd5
30.Rd1e1 Ne4xg3
31.Bg4e6 Qf7h7
32.Qc7xg3 Rd5d6
33.Rf1xf6 exf6
34.Qg3xd6 Qh7e7
35.Qd6b8 Kg7
36.Qb8g3 Kf8
37.Be6h3 Qe7b4
38.Re1f1 Qb4d4
39.Kh1 { resign }
1-0

[Event "Match"]
[Site "www.echecsemail.com"]
[Date "2015.10.22"]
[Round "1"]
[White "Llord"]
[Black "Azorau"]
[WhiteElo "1870"]
[BlackElo "1910"]
[Result "0-1"]
[Round "1"]
1.d4 d5
2.Ng1f3 Ng8f6
3.Nb1c3 Bc8g4
4.h3 Bg4f5
5.Nf3h4 Qd8d7
6.Nh4xf5 Qd7xf5
7.e3 e6
8.g4 Qf5g6
9.Bf1d3 Qg6g5
10.e4 Qg5h4
11.Bd3e2 Bf8b4
12.Bc1d2 Bb4xc3
13.Bd2xc3 Nf6xe4
14.Rh1f1 Qh4xh3
15.Be2f3 Ne4g5
16.Bf3e2 Nb8c6
17.Qd1d2 Ng5e4
18.Qd2e3 Qh3h4
19.Be2f3 Ne4d6
20.O-O-O O-O-O
21.Rf1h1 Qh4e7
22.a3 Nd6c4
23.Qe3e2 Qe7g5
24.Kb1 Qg5e7
25.a4 Nc4b6
26.a5 Nb6c4
27.Bf3g2 Nc6xa5
28.Bc3xa5 Nc4xa5
29.Qe2b5 Na5c4
30.Qb5a4 Qe7d6
31.Qa4xa7 Nc4b6
32.Rh1h3 Qd6c6
33.Rh3c3 Qc6b5
34.Rc3b3 Qb5a6
35.Qa7xa6 bxa6
36.Rb3a3 Kb7
37.b3 h5
38.gxh5 Rh8xh5
39.Bg2f3 Rh5h2
40.Rd1f1 Rh2h4
41.c3 f5
42.Kc2 Rd8c8
43.Ra3a1 g5
44.Rf1g1 g4
45.Bf3e2 Rh4h2
46.Be2xa6 Kb8
47.Ba6xc8 Rh2xf2
48.Kd3 Kxc8
49.c4 Rf2f3
50.Kc2 g3
51.c5 Nb6d7
52.b4 Nd7f6
53.c6 Kd8
54.b5 f4
55.Ra1a8 Ke7
56.Ra8a7 Rf3f2
57.Kd3 Rf2f3
58.Ke2 Rf3e3
59.Kd2 Nf6e4
60.Kd1 Ne4c3
61.Kd2 Nc3xb5
62.Ra7b7 Nb5xd4
63.Rb7xc7 Kd6
64.Rg1c1 Kxc7
{ resign }
0-1

[Event "Match"]
[Site "www.echecsemail.com"]
[Date "2015.10.22"]
[Round "1"]
[White "Ztornad"]
[Black "Llord"]
[WhiteElo "1770"]
[BlackElo "1900"]
[Result "0-1"]
[Round "1"]
1.e4 e5
2.Ng1f3 Nb8c6
3.Bf1c4 Bf8e7
4.a3 Ng8f6
5.d3 O-O
6.O-O d6
7.Bc1e3 Bc8g4
8.h3 Bg4h5
9.Nb1d2 h6
10.g4 Bh5g6
11.Nf3h4 Bg6h7
12.g5 hxg5
13.Be3xg5 Nf6d7
14.Bg5xe7 Qd8xe7
15.Nh4f5 Bh7xf5
16.exf5 Nc6d4
17.c3 Nd4c6
18.Nd2e4 Nd7f6
19.Ne4g5 d5
20.Bc4a2 Rf8e8
21.Rf1e1 Qe7c5
22.d4 exd4
23.cxd4 { time. }
0-1

[Event "Match"]
[Site "www.echecsemail.com"]
[Date "2015.10.22"]
[Round "1"]
[White "Glenno"]
[Black "Tictac"]
[WhiteElo "2360"]
[BlackElo "2339"]
[Result "0-1"]
[Round "1"]
1.e4 c5
2.Ng1f3 d6
3.d4 cxd4
4.Nf3xd4 Ng8f6
5.Nb1c3 a6
6.Bc1g5 e6
7.f4 Qd8b6
8.Qd1d2 Qb6xb2
9.Ra1b1 Qb2a3
10.e5 h6
11.Bg5h4 dxe5
12.fxe5 g5
13.exf6 gxh4
14.Bf1e2 Qa3a5
15.O-O Nb8d7
16.Kh1 Qa5g5
17.Rf1f4 e5
18.Nc3d5 exd4
19.Qd2xd4 Kd8
20.Nd5e7 Qg5e5
21.Qd4d2 Bf8xe7
22.fxe7 Qe5xe7
23.Be2g4 f5
24.Rf4xf5 Rh8e8
25.Qd2d5 Qe7e4
26.Rb1d1 Qe4xd5
27.Rf5xd5 Re8e7
28.Rd5h5 Kc7
29.Rh5xh6 Nd7e5
30.Bg4h5 h3
31.gxh3 Bc8xh3
32.Rh6f6 Ra8h8
33.Bh5e2 Bh3d7
34.Rd1c1 Bd7c6
35.Rf6xc6 Ne5xc6
36.Be2f1 Re7h7
37.h3 Rh7d7
38.c4 Rd7d2
39.Bf1g2 Rd2xa2
40.Rc1f1 Rh8h7
41.Rf1f3 Rh7g7
42.Bg2f1 a5
43.Rf3f4 a4
44.h4 a3
45.Rf4f3 Nc6d4
{ resign }
0-1

[Event "Fast Game"]
[Site "www.echecsemail.com"]
[Date "2015.10.22"]
[Round "1"]
[White "Raven16"]
[Black "Dulap"]
[WhiteElo "1599"]
[BlackElo "1599"]
[Result "1-0"]
[Round "1"]
1.e4 e5
2.Ng1f3 Nb8c6
3.Bf1b5 a6
4.Bb5a4 Ng8f6
5.O-O b5
6.Ba4b3 Bf8e7
7.Rf1e1 d6
8.c3 O-O
9.d4 exd4
10.cxd4 Bc8g4
11.Nb1c3 Bg4xf3
12.Qd1xf3 Nc6xd4
13.Qf3g3 Nd4xb3
14.axb3 c5
15.Bc1h6 Nf6h5
16.Qg3g4 Be7f6
17.Qg4xh5 gxh6
18.Qh5xh6 Kh8
19.Ra1d1 Rf8g8
20.e5 Rg8g6
21.Qh6h3 Bf6e7
22.Nc3d5 Qd8f8
23.Nd5xe7 Qf8xe7
24.exd6 Qe7b7
25.d7 Ra8g8
26.g3 Qb7c7
27.Qh3f5 Rg6d6
28.Qf5e5 Rg8g7
29.Rd1xd6 { resign }
1-0

[Event "Tourn. n8427"]
[Site "www.chess-mail.com"]
[Date "2015.10.23"]
[Round "1"]
[White "Guidom"]
[Black "Norlavuaram"]
[WhiteElo "2160"]
[BlackElo "2190"]
[Result "0-1"]
[Round "1"]
1.e4 e5
2.Ng1f3 Nb8c6
3.Bf1b5 a6
4.Bb5xc6 dxc6
5.O-O f6
6.Nf3xe5 fxe5
7.Qd1h5 Ke7
8.Qh5xe5 Bc8e6
9.d4 Qd8d6
10.Qe5g5 Ke8
11.c3 Qd6e7
12.Qg5g3 h6
13.e5 Ra8d8
14.f4 Be6d5
15.f5 Kd7
16.Nb1d2 Kc8
17.Nd2b3 Bd5xb3
18.axb3 c5
19.Bc1e3 cxd4
20.cxd4 Qe7b4
21.Rf1c1 Qb4xb3
22.Rc1c3 Qb3d5
23.Ra1c1 c6
24.Qg3g4 Bf8b4
25.Rc3c4 a5
26.f6 Kb8
27.Qg4xg7 Ng8xf6
28.Qg7xf6 Rh8g8
29.Rc4c2 Qd5e4
30.Qf6xh6 Rg8h8
31.Qh6e6 Qe4xe3
32.Kh1 Qe3xd4
33.h3 Rh8e8
34.Qe6f6 Qd4xe5
35.Qf6xe5 Re8xe5
36.Rc2f2 Rd8e8
37.Rf2f1 Re5e2
38.b3 Re8g8
{ resign }
0-1

[Event "Tourn. n8433"]
[Site "www.chess-mail.com"]
[Date "2015.10.23"]
[Round "1"]
[White "Ffdd65"]
[Black "Norlavuaram"]
[WhiteElo "2190"]
[BlackElo "2160"]
[Result "1/2-1/2"]
[Round "1"]
1.e4 e5
2.d4 exd4
3.Qd1xd4 Nb8c6
4.Qd4d1 g6
5.Bc1d2 Bf8g7
6.Bd2c3 Ng8f6
7.e5 Nf6e4
8.e6 Bg7xc3
9.Nb1xc3 Ne4xc3
10.exf7 Kxf7
11.Qd1f3 Qd8f6
12.Bf1c4 Kg7
13.Qf3xf6 Kxf6
14.bxc3 Rh8e8
15.Ng1e2 d6
16.f3 Bc8f5
17.Bc4d3 Nc6e5
18.Bd3xf5 gxf5
19.Kf2 Ne5c4
20.Rh1e1 Re8e3
21.Ra1d1 Ra8e8
22.Rd1d3 Re3e7
23.Rd3d4 Nc4b6
24.Rd4d1 { draw }
1/2-1/2

[Event "Tourn. n8397"]
[Site "www.chess-mail.com"]
[Date "2015.10.23"]
[Round "1"]
[White "Cristiano"]
[Black "Attatroll"]
[WhiteElo "2010"]
[BlackElo "1920"]
[Result "1-0"]
[Round "1"]
1.e4 e5
2.f4 exf4
3.Ng1f3 h6
4.Bf1c4 Ng8f6
5.O-O d6
6.d3 g5
7.Nb1c3 Bf8g7
8.Nc3d5 c6
9.Nd5xf6 Bg7xf6
10.c3 O-O
11.d4 Bc8g4
12.h3 Bg4h5
13.Bc1d2 Nb8d7
14.Bc4e2 Rf8e8
15.Qd1c2 Nd7b6
16.Be2d3 Bh5g6
17.Nf3h2 h5
18.Ra1e1 Qd8d7
19.b3 Kg7
20.Bd2c1 a5
21.Bc1b2 a4
22.Bb2a1 axb3
23.axb3 d5
24.e5 Bf6d8
25.Bd3xg6 fxg6
26.Re1e2 Qd7e6
27.Qc2b1 Re8f8
28.Rf1f3 Bd8e7
29.Ba1b2 Be7a3
30.Re2f2 Ba3xb2
31.Rf2xb2 Qe6f5
32.Qb1xf5 Rf8xf5
33.Rb2b1 Ra8a2
34.Rf3f2 Ra2a3
35.c4 dxc4
36.bxc4 Nb6xc4
37.Rb1xb7 Rf5f7
38.Rb7b4 Nc4a5
39.Nh2f3 Rf7b7
40.Rb4xb7 Na5xb7
41.Nf3xg5 Kh6
42.h4 c5
43.Rf2xf4 Nb7d8
44.Rf4f8 Nd8c6
45.Rf8f7 Ra3a7
46.Rf7xa7 Nc6xa7
47.dxc5 Na7c6
48.e6 Kg7
49.Kf2 Kf6
50.Ke3 Ke5
51.g3 Kd5
52.Kf4 Kxc5
53.g4 Kd6
54.gxh5 gxh5
55.Kf5 Ke7
56.Kg6 Nc6e5
57.Kxh5 Kf6
58.Kh6 Ne5g4
59.Kh7 Ke7
60.Kg7 Ng4f6
61.Kg6 Nf6d5
62.h5 Kf8
63.h6 Kg8
64.Kf5 Nd5e7
65.Ke5 Ne7g6
66.Kf6 Ng6f4
67.Ke5 Nf4g6
68.Kd6 Kh8
69.Kd7 Kg8
70.Ke8 Kh8
71.e7 Kg8
72.Kd8 Ng6xe7
73.Kxe7 Kh8
74.Kf6 Kg8
75.Kg6 Kh8
76.Ng5f7 Kg8
77.h7 { resign }
1-0

[Event "Tourn. n8419"]
[Site "www.chess-mail.com"]
[Date "2015.10.23"]
[Round "1"]
[White "Maredocla"]
[Black "Estonia"]
[WhiteElo "2010"]
[BlackElo "2120"]
[Result "1/2-1/2"]
[Round "1"]
1.f4 d5
2.Ng1f3 g6
3.e3 Bf8g7
4.d4 Ng8f6
5.Nb1c3 Bc8g4
6.Bf1e2 Nb8d7
7.O-O O-O
8.h3 Bg4xf3
9.Be2xf3 c6
10.b3 e6
11.a4 a6
12.Bc1a3 Rf8e8
13.Nc3e2 b6
14.Ba3d6 Nd7f8
15.Bd6e5 Nf6e4
16.Bf3xe4 dxe4
17.Be5xg7 Kxg7
18.g4 f5
19.g5 Qd8e7
20.c4 h6
21.h4 hxg5
22.hxg5 Nf8d7
23.Kg2 Re8h8
24.d5 exd5
25.Qd1d4 Kf7
26.Rf1h1 Rh8xh1
27.Ra1xh1 Ke6
28.cxd5 cxd5
29.Ne2c3 Qe7c5
30.Rh1d1 Qc5xd4
31.Rd1xd4 b5
32.a5 Ra8c8
33.Nc3xd5 Rc8c2
34.Kf1 Nd7c5
35.b4 Nc5d3
36.Kg1 Nd3e1
37.Kf1 Ne1f3
38.Rd4d1 Rc2h2
39.Nd5c7 Ke7
40.Rd1d5 Rh2h1
41.Kf2 Rh1h2
42.Kf1 Rh2h1
43.Kf2 Rh1h2
44.Kf1 { draw }
1/2-1/2

[Event "Tourn. n8391"]
[Site "www.chess-mail.com"]
[Date "2015.10.23"]
[Round "1"]
[White "Jhw"]
[Black "Fred"]
[WhiteElo "1950"]
[BlackElo "1950"]
[Result "1-0"]
[Round "1"]
1.c4 e5
2.e3 f5
3.a3 e4
4.b4 Ng8f6
5.Bc1b2 b6
6.f3 Bc8b7
7.Bf1e2 Bf8d6
8.f4 O-O
9.Ng1h3 Nb8c6
10.Nb1c3 h6
11.d3 exd3
12.Be2xd3 Nf6g4
13.Bd3xf5 Ng4xe3
14.Qd1d3 Ne3xf5
15.O-O Qd8h4
16.Nc3e4 Bd6e7
17.Qd3xd7 Be7d6
18.Ne4xd6 Nc6b8
19.Qd7xc7 Bb7xg2
20.Nd6xf5 Qh4g4
21.Nf5e3 Rf8f7
22.Qc7xf7 Kxf7
23.Ne3xg4 Bg2xh3
24.Ng4e5 Kg8
25.Rf1d1 Nb8a6
26.Rd1d6 Ra8f8
27.Ne5g6 Rf8f7
28.Ra1e1 Na6c7
29.Rd6d8 Kh7
30.Ng6f8 Kg8
31.Nf8e6 Kh7
32.Ne6xc7 Rf7xc7
33.Re1e8 Rc7f7
34.Bb2e5 g5
35.Re8h8 Kg6
36.Rd8d6 Kf5
37.Rh8xh6 Kg4
38.Rd6g6 Rf7f5
39.Rg6xg5 Rf5xg5
40.fxg5 Kf5
41.Rh6xh3 { resign }
1-0

[Event "Tourn. n8335"]
[Site "www.chess-mail.com"]
[Date "2015.10.23"]
[Round "1"]
[White "Tartan"]
[Black "Jose"]
[WhiteElo "2490"]
[BlackElo "2670"]
[Result "0-1"]
[Round "1"]
1.d4 f5
2.g3 Ng8f6
3.Bf1g2 e6
4.Ng1h3 d5
5.O-O Bf8d6
6.c4 c6
7.Bc1f4 Bd6e7
8.Nb1d2 O-O
9.Qd1c2 h6
10.Bf4xb8 Ra8xb8
11.Nh3f4 Qd8e8
12.e3 Be7d6
13.Nf4d3 b6
14.cxd5 cxd5
15.Rf1c1 Bc8a6
16.Nd2f3 Rb8c8
17.Qc2d1 Ba6xd3
18.Qd1xd3 Rf8f7
19.Qd3d2 g5
20.Nf3e1 Rf7c7
21.Ne1d3 Kf7
22.Rc1xc7 Rc8xc7
23.Ra1c1 Qe8c8
24.Rc1xc7 Qc8xc7
25.Qd2d1 a6
26.Bg2f1 g4
27.Bf1g2 h5
28.Kh1 h4
29.Kg1 Kg6
30.Qd1b3 a5
31.Qb3d1 Nf6e4
32.Qd1a4 Kf7
33.Qa4b5 Ke7
34.Qb5b3 hxg3
35.hxg3 Bd6xg3
{ resign }
0-1

[Event "Tourn. n8374"]
[Site "www.chess-mail.com"]
[Date "2015.10.23"]
[Round "1"]
[White "Louis"]
[Black "Osopanda"]
[WhiteElo "1840"]
[BlackElo "1930"]
[Result "1-0"]
[Round "1"]
1.c4 Ng8f6
2.d4 g6
3.g3 Bf8g7
4.Bf1g2 O-O
5.Nb1c3 c6
6.e4 d6
7.Ng1e2 e5
8.O-O Bc8g4
9.f3 Bg4e6
10.b3 Nb8d7
11.d5 cxd5
12.cxd5 Nf6xd5
13.exd5 Be6f5
14.g4 e4
15.gxf5 Nd7e5
16.fxe4 Ra8c8
17.Bc1e3 gxf5
18.Rf1xf5 Qd8h4
19.Be3xa7 Ne5g6
20.Ba7f2 Qh4g4
21.h3 Qg4xf5
22.exf5 Ng6e5
23.Nc3e4 Rf8e8
24.Ne4xd6 Rc8d8
25.Nd6xe8 Rd8xe8
26.Ra1c1 Bg7h6
27.Rc1c7 f6
28.Rc7xb7 { resign }
1-0

[Event "Tourn. n8358"]
[Site "www.chess-mail.com"]
[Date "2015.10.23"]
[Round "1"]
[White "Jhw"]
[Black "Julian"]
[WhiteElo "1900"]
[BlackElo "1800"]
[Result "1/2-1/2"]
[Round "1"]
1.c4 Ng8f6
2.Ng1f3 g6
3.Nb1c3 d6
4.d4 Bf8g7
5.e3 c6
6.Bc1d2 O-O
7.Bf1d3 Qd8c7
8.b4 e5
9.e4 exd4
10.Nf3xd4 Nb8d7
11.f4 Rf8e8
12.Qd1f3 Nd7f8
13.h3 Nf8e6
14.Nd4xe6 fxe6
15.g4 e5
16.f5 gxf5
17.gxf5 Qc7f7
18.O-O-O d5
19.cxd5 cxd5
20.Nc3xd5 Nf6xd5
21.exd5 e4
22.Bd3xe4 Re8xe4
23.Qf3xe4 Bc8xf5
24.Qe4f3 Ra8c8
25.Bd2c3 { draw }
1/2-1/2

[Event "Tourn. n8330"]
[Site "www.chess-mail.com"]
[Date "2015.10.23"]
[Round "1"]
[White "Wwgia"]
[Black "Hundegana"]
[WhiteElo "2150"]
[BlackElo "2000"]
[Result "1-0"]
[Round "1"]
1.d4 d5
2.c4 dxc4
3.e3 b5
4.b3 c6
5.bxc4 e6
6.cxb5 cxb5
7.Bf1xb5 Bc8d7
8.Bb5d3 Nb8c6
9.Ng1f3 Ra8b8
10.O-O Ng8f6
11.Nb1c3 Qd8a5
12.Bc1d2 Bf8d6
13.Nc3b5 Qa5xb5
14.Bd3xb5 Rb8xb5
15.Ra1b1 Rb5xb1
16.Qd1xb1 O-O
17.Rf1c1 Rf8b8
18.Qb1d3 Rb8b2
19.e4 Bd6f8
20.d5 exd5
21.exd5 Nc6b4
22.Bd2xb4 Rb2xb4
23.Nf3e5 Bd7b5
24.Qd3c3 Nf6xd5
25.Qc3f3 Nd5f6
26.Qf3b7 Bb5e8
27.Qb7xa7 Rb4b5
28.Ne5f3 h6
29.h3 Nf6e4
30.Rc1c8 Rb5b1
31.Kh2 Bf8d6
32.g3 Ne4f6
33.Qa7a4 Kf8
34.Nf3d4 Rb1b4
35.Qa4d1 Bd6e7
36.Nd4c6 Rb4b7
37.a4 Rb7d7
38.Qd1e2 Nf6d5
39.a5 f5
40.a6 Nd5b6
41.Rc8b8 Nb6d5
42.a7 Nd5c7
43.Qe2h5 Rd7d8
44.Qh5xf5 Be8f7
45.Nc6xe7 Kxe7
46.Qf5c5 Kd7
47.Qc5xc7 Kxc7
48.Rb8xd8 Kxd8
49.a8Q Ke7
50.f4 Kf6
51.Qa8e4 g6
52.Qe4e5 { resign }
1-0

[Event "Match"]
[Site "www.echecsemail.com"]
[Date "2015.10.23"]
[Round "1"]
[White "Chtoubidou"]
[Black "Goosebumps"]
[WhiteElo "1910"]
[BlackElo "1699"]
[Result "1/2-1/2"]
[Round "1"]
1.e4 e5
2.Ng1f3 Nb8c6
3.Bf1b5 a6
4.Bb5a4 Ng8f6
5.O-O b5
6.Ba4b3 Bf8c5
7.a4 Bc8b7
8.d3 h6
9.Nb1c3 b4
10.Nc3d5 O-O
11.c3 bxc3
12.bxc3 Rf8e8
13.Bc1e3 Bc5xe3
14.fxe3 d6
15.Ra1b1 Nc6a5
16.Bb3a2 Bb7xd5
17.Ba2xd5 c6
18.Bd5a2 Ra8b8
19.Qd1c2 d5
20.exd5 cxd5
21.Rb1xb8 Qd8xb8
22.Rf1b1 Qb8a7
23.Qc2d2 { draw }
1/2-1/2